Detalles MARC
| 000 -CABECERA |
| campo de control de longitud fija |
01218nam a2200313 b 4500 |
| 001 - NÚMERO DE CONTROL |
| campo de control |
Mimo0002258674 |
| 003 - IDENTIFICADOR DEL NÚMERO DE CONTROL |
| campo de control |
SpMaBN |
| 005 - FECHA Y HORA DE LA ÚLTIMA TRANSACCIÓN |
| campo de control |
20190106173803.0 |
| 008 - DATOS DE LONGITUD FIJA--INFORMACIÓN GENERAL |
| campo de control de longitud fija |
070928s2007 sp | ||| ||spa |
| 015 ## - NÚMERO DE BIBLIOGRAFÍA NACIONAL |
| Número de bibliografía nacional |
MON0710 |
| 016 7# - NÚMERO DE CONTROL DE UNA AGENCIA BIBLIOGRÁFICA NACIONAL |
| Número de control del registro |
bimoBNE20070659886 |
| Fuente |
SpMaBN |
| 017 ## - NÚMERO DE COPYRIGHT O DE DEPÓSITO LEGAL |
| Número de copyright o de depósito legal |
BI 1549-2007 |
| Agencia que asigna |
Oficina Depósito Legal Vizcaya |
| 020 ## - NÚMERO INTERNACIONAL ESTÁNDAR DEL LIBRO |
| Número Internacional Estándar del Libro |
9788498300789 |
| 035 ## - NÚMERO DE CONTROL DEL SISTEMA |
| Número de control de sistema |
(OCoLC)180133726 |
| 040 ## - FUENTE DE LA CATALOGACIÓN |
| Centro catalogador/agencia de origen |
SpMaBN |
| Centro/agencia transcriptor |
AR-RoIUNI |
| 080 #0 - NÚMERO DE LA CLASIFICACIÓN DECIMAL UNIVERSAL |
| Número de la Clasificación Decimal Universal |
378 REF |
| 245 10 - MENCIÓN DE TÍTULO |
| Título |
Reflexiones y perspectivas de la Educación Superior en América Latina |
| Resto del título |
informe final, proyecto Tuning, América Latina, 2004-2007 |
| Mención de responsabilidad, etc. |
editado por Pablo Beneitone ... [et al.] |
| 246 14 - FORMA VARIANTE DE TÍTULO |
| Título propio/Titulo breve |
Tuning |
| 260 ## - PUBLICACIÓN, DISTRIBUCIÓN, ETC. (PIE DE IMPRENTA) |
| Lugar de publicación, distribución, etc. |
Bilbao |
| Nombre del editor, distribuidor, etc. |
Universidad de Deusto ; |
| Lugar de publicación, distribución, etc. |
[Groningen] |
| Nombre del editor, distribuidor, etc. |
Universidad de Groningen |
| Fecha de publicación, distribución, etc. |
2007 |
| 300 ## - DESCRIPCIÓN FÍSICA |
| Extensión |
429 p. |
| Otras características físicas |
gráf. |
| Dimensiones |
22 cm |
| 650 10 - PUNTO DE ACCESO ADICIONAL DE MATERIA--TÉRMINO DE MATERIA |
| Término de materia o nombre geográfico como elemento inicial |
Educación Superior |
| 9 (RLIN) |
489 |
| 650 #7 - PUNTO DE ACCESO ADICIONAL DE MATERIA--TÉRMINO DE MATERIA |
| Término de materia o nombre geográfico como elemento inicial |
COMPETENCIAS |
| 700 1# - PUNTO DE ACCESO ADICIONAL--NOMBRE DE PERSONA |
| Nombre de persona |
Beneitone, Pablo |
| 942 ## - ELEMENTOS DE PUNTO DE ACCESO ADICIONAL (KOHA) |
| Fuente del sistema de clasificación o colocación |
Clasificación Decimal Universal |
| Tipo de ítem Koha |
Libros |
| 956 ## - LOCALIZACIÓN Y ACCESO ELECTRÓNICOS LOCAL (OCLC) |
| Nombre del host |
2 |
| 980 ## - EQUIVALENCIA O REFERENCIA-CRUZADA-MENCIÓN DE SERIE--NOMBRE DE PERSONA/TÍTULO [LOCAL, CANADÁ] |
| Nombre de persona |
BI 1549-2007 |
| -- |
978-84-9830-078-9 (ISBN único) |
| -- |
M-BN |
| Numeración |
BNALCALA |
| Calificador de atribución |
12/455132 |
| Títulos y otros términos asociados al nombre |
ALCALA |
| 980 ## - EQUIVALENCIA O REFERENCIA-CRUZADA-MENCIÓN DE SERIE--NOMBRE DE PERSONA/TÍTULO [LOCAL, CANADÁ] |
| Nombre de persona |
BI 1549-2007 |
| -- |
978-84-9830-078-9 (ISBN único) |
| -- |
M-BN |
| Numeración |
BNALCALA |
| Calificador de atribución |
AHMo/293614 |
| Títulos y otros términos asociados al nombre |
SG_PETANTI |
| 980 ## - EQUIVALENCIA O REFERENCIA-CRUZADA-MENCIÓN DE SERIE--NOMBRE DE PERSONA/TÍTULO [LOCAL, CANADÁ] |
| Nombre de persona |
BI 1549-2007 |
| -- |
978-84-9830-078-9 (ISBN único) |
| -- |
M-BN |
| Numeración |
BNALCALA |
| Calificador de atribución |
DL/1593801 |
| Títulos y otros términos asociados al nombre |
CONSERVACI |